000 00417nam a2200169Ia 4500
008 230524s9999 xx 000 0 und d
082 _a612
_bBRO
100 _aJoseph D.Bronzino (ed by)
245 4 _aThe Biomedical Engineering Hand Book
250 _a1ST
260 _aNEW DELHI
_bCRC
_c2007
300 _aXVIII;697
500 _aQuantity Number: 2
650 _aBiomedical
700 _a3rd ed.
942 _cBK
999 _c38446
_d38446